| Tag |
First Indicator |
Second Indicator |
Subfields |
| LEADER |
00000cam a2200000Ia 4500 |
| 001 |
in00002653763 |
| 005 |
20210727154937.0 |
| 006 |
m d |
| 007 |
cr cn| |
| 008 |
100909s2010 ne o 000 0 eng d |
| 020 |
|
|
|a 9048190398
|
| 020 |
|
|
|a 9789048190393
|
| 035 |
|
|
|a (OCoLC)663093681
|
| 035 |
|
|
|a (OCoLC)ocn663093681
|
| 035 |
|
|
|a 3799134
|
| 037 |
|
|
|a 978-90-481-9038-6
|b Springer
|n http://www.springerlink.com
|
| 040 |
|
|
|a GW5XE
|b eng
|c GW5XE
|d UtOrBLW
|
| 049 |
|
|
|a TXAC
|
| 050 |
|
4 |
|a RB43.8.P64
|b P37 2010
|
| 082 |
0 |
4 |
|a 616.0756
|2 22
|
| 245 |
0 |
0 |
|a PCR for clinical microbiology :
|b an Australian and international perspective /
|c edited by Margret Schuller[and others].
|
| 264 |
|
1 |
|a Dordrecht ;
|a London :
|b Springer,
|c 2010.
|
| 300 |
|
|
|a pages cm.
|
| 336 |
|
|
|a text
|b txt
|2 rdacontent
|
| 337 |
|
|
|a computer
|b c
|2 rdamedia
|
| 338 |
|
|
|a online resource
|b cr
|2 rdacarrier
|
| 500 |
|
|
|a Electronic resource.
|
| 533 |
|
|
|a Electronic reproduction.
|b New York :
|c Springer,
|d 2010.
|n Mode of access: World Wide Web.
|n System requirements: Web browser.
|n Title from title screen (viewed on Aug. 9, 2010).
|n Access may be restricted to users at subscribing institutions.
|
| 650 |
|
0 |
|a Diagnostic microbiology
|v Handbooks, manuals, etc.
|
| 650 |
|
0 |
|a Polymerase chain reaction
|x Diagnostic use
|v Handbooks, manuals, etc.
|
| 655 |
|
7 |
|a Electronic books.
|2 local
|
| 700 |
1 |
|
|a Schuller, Margret.
|0 http://id.loc.gov/authorities/names/no2010147698
|
| 710 |
2 |
|
|a SpringerLink (Online service)
|0 http://id.loc.gov/authorities/names/no2005046756
|
| 776 |
1 |
|
|c Original
|z 9789048190386
|z 904819038X
|w (OCoLC)551432070
|
| 856 |
4 |
0 |
|u http://proxy.library.tamu.edu/login?url=https://dx.doi.org/10.1007/978-90-481-9039-3
|z Connect to the full text of this electronic book
|t 0
|
| 994 |
|
|
|a 92
|b TXA
|
| 999 |
|
|
|a MARS
|
| 999 |
f |
f |
|s 4330780d-d07d-3bcf-a412-32bea27bc86e
|i c8d889e0-253e-3676-bff7-70026ff299c3
|t 0
|
| 952 |
f |
f |
|a Texas A&M University
|b College Station
|c Electronic Resources
|d Available Online
|t 0
|e RB43.8.P64 P37 2010
|h Library of Congress classification
|
| 998 |
f |
f |
|a RB43.8.P64 P37 2010
|t 0
|l Available Online
|